01506nam a2200409 i 450000100060000000300080000600500170001400600190003100700150005000800410006502000180010602000270012403500230015103500240017403500250019803500220022304000310024505000210027608000080029708200120030510000310031724501270034826400530047530000580052833600310058633700330061733800430065050400290069358801240072265000280084665000130087465000290088765500270091670000420094370000490098585600620103445328FlNmELB20241216231705.0m o d | cr cnu||||||||180309s2017 mx a ob 000 0 spa d z9786077441366 a9786077442691 (e-book) a(MiAaPQ)EBC5213541 a(Au-PeEL)EBL5213541 a(CaPaEBR)ebr11493188 a(OCoLC)1105502276 aFINmELBbspaerdacFINmELB 4aTJ145bR177 2017 a6210 a6212231 aRamírez Vargas, Ignacio.10aEstática para ingeniería /cIgnacio Ramírez Vargas, Luis Manuel Palacios Pineda, Mario Emigdio Rodríguez Castillo. 1aMéxico, D.F. :bGrupo Editorial Patria,c2017. a1 recurso en línea (348 páginas) :bilustraciones atextobtxt2rdacontent/spa acomputadorabc2rdamedia/spa arecurso en líneabcr2rdacarrier/spa aContiene bibliografía. aDescripción basada en recurso en línea; Título de la página del título en PDF (e-libro, visto March 9, 2018). 0aMechanical engineering. 0aStatics. 4aIngeniería mecánica. 4aLibros electrónicos.1 aPalacios Pineda, Luis Manuel,eautor.1 aRodríguez Castillo, Mario Emigdio,eAutor.40uhttps://elibro.net/ereader/politecnicointernacional/40431